| 000 | 00507nam a2200133Ia 4500 | ||
|---|---|---|---|
| 008 | 260210s9999 xx 000 0 und d | ||
| 024 | _a11B-105-EL, 12B-62-EL, 12B-68-EL & 12B-81-EL | ||
| 082 | _a621.815072 JUN | ||
| 100 | _aH. M. Junaid Zuberi, Muhammad Usama Khan, Mirza Imran Baig & Junaid Khan | ||
| 245 | 0 | _aDesign and Fabrication of Fluid Filling Machine Through Flow Sensor | |
| 260 |
_aKarachi: _bUITU, _c2012 |
||
| 600 | _aElectrical Engineering | ||
| 650 | _aBachelor of Engineering (BE) | ||
| 999 |
_c33181 _d33181 |
||